000 00630nam a2200205 u 4500
005 20240228064029.0
008 111010s2008 es r 000 0 spa d
020 _a9788444141718
035 _aUPN01000182129
049 _aI
050 4 _aPZ78
_bA4.8
100 1 _aAlonso, Fernando,
_d1941-
_930640
245 1 3 _aEl viejo reloj /
_cFernando Alonso ; il. por Ana López Escrivá.
260 _aMadrid :
_bEverest,
_c2008.
300 _a45 p. :
_bil. col.
440 0 _aLeer es vivir.
_pA partir de 6 años
650 4 _aLiteratura infantil española
_95892
650 4 _aLibros y lectura para niños
_92290
905 _aInfantil
999 _c154232
_d154232